000 00659cam a2200145 4500500
005 20251214042931.0
041 _afre
042 _adc
100 1 0 _aWhitman, James
_eauthor
245 0 0 _aL’ANALYSE ECONOMIQUE ET LE DROIT CRIMINEL, Guillaume ROYER, Le Manuscrit, Paris, 2005, 322 p., par Cédric Michalski, Doctorant en droit privé, chargé d’enseignement (Faculté de Droit de Nancy 2)
260 _c2005.
500 _a64
786 0 _nArchives de politique criminelle | 27 | 1 | 2005-10-01 | p. 235f-259f | 0242-5637
856 4 1 _uhttps://droit.cairn.info/revue-archives-de-politique-criminelle-2005-1-page-235f?lang=fr&redirect-ssocas=7080
999 _c1577139
_d1577139